Folkloristics and Indian folklore (Record no. 2999)
[ view plain ]
| 000 -LEADER | |
|---|---|
| fixed length control field | 00791nam a2200145Ia 4500 |
| 005 - DATE AND TIME OF LATEST TRANSACTION | |
| control field | 20240805030135.0 |
| 008 - FIXED-LENGTH DATA ELEMENTS--GENERAL INFORMATION | |
| fixed length control field | 240331s9999 xx 000 0 und d |
| 082 ## - DDC Classification | |
| Item Number - Author Mark | CLA |
| Class No. | 398.0954 |
| 100 ## - MAIN ENTRY--PERSONAL NAME | |
| Personal name | Claus, P.J |
| 245 #0 - TITLE STATEMENT | |
| Title | Folkloristics and Indian folklore |
| 260 ## - PUBLICATION, DISTRIBUTION, ETC. | |
| Place of publication, distribution, etc. | India |
| Name of publisher, distributor, etc. | Regional Resources center for folk performing Arts |
| Date of publication, distribution, etc. | 1991 |
| 300 ## - PHYSICAL DESCRIPTION | |
| Extent (e.g. Volumes, Pages etc.) | 217 p ., |
| 500 ## - GENERAL NOTE | |
| General note | Folkloristics and Indian folklore has been written specifically for Indian students of folklore. In illustrating the use of modern theories and approaches to study folklore this book makes extensive use of Indian examples and draws upon materials from the length and breadth of the Indian subcontinent. it also includes two extensive bibliographies listing the latest, most modern materials of world folklore |
| 942 ## - Koha item type (Biblio) | |
| Koha item type | Books in Stacks (Lending) |
| Lost status | Damaged status | Collection code | Home library | Current library | Shelving location | Date acquired | Full call number | Accession Number | Item type |
|---|---|---|---|---|---|---|---|---|---|
| Lending | WERC Library | WERC Library | Social Science Cupboard | 03/31/2024 | 398.0954 CLA | 593 | Books in Stacks (Lending) |
